000 01698nam0a2200349 i 4500
001 RU\NLR\BIBL_A\010473117
005 20260215055444.0
010 _a9785990561892
_9100
021 _aRU
_b2014-55908
_93376
035 _a(NILC)RuMoRGB-007526585
035 _a(NLR Aleph) 010473117
090 _a10029983
_c10029983
100 _a20141007d2014 u y0rusy50 ca
101 0 _arus
_akum
102 _aRU
105 _ay|||z|||000yy
200 1 _aИдейно-художественные особенности поэзии А.-В. Сулейманова
_e[монография]
_fМагарамова Д. А.
_gДагест. гос. пед. ун-т
210 _aХасавюрт
_c[б. и.]
_d2014
215 _a135 с.
_d20
300 _aТекст на рус. и кумык. яз.
320 _aБиблиогр.: с. 133-134 (24 назв.) и в примеч. в конце гл.
604 1 1 _1200#1$aСулейманов$bА.В.Б.$gАбдул Вагаб Бекбулатович$f1909 - 1995
_12351#$aПоэзия
_aСулейманов, Абдул Вагаб Бекбулатович (1909 - 1995)
_tПоэзия
_3RU\NLR\AUTH\6601570472
_92228724
686 1 _aШ5(2=Кум)7-4Сулейманов
700 1 _aМагарамова
_bД. А.
_f1956-
_gДженет Алевдиновна
_9144076
_3RU\NLR\AUTH\770144112
702 1 _aСулейманов
_bА.-В. Б.
_f1909-1995
_gАбдул-Вагаб Бекбулатович
_9144079
_3RU\NLR\AUTH\770144115
801 0 _aRU
_bРГБ
_c20140729
_gRCR
801 1 _aRU
_bРГБ
_c20140729
_2rusmarc
942 _cBOOK
980 _aNBR